Konanie o medzinárodných prihláškach vynálezov prihlásených formou PCT

Prihlasovanie vynálezov formou Zmluvy o patentovej spolupráci (PCT). Konanie o medzinárodných prihláškach vynálezov formou PCT. Medzinárodná fáza: prijímací úrad (Úrad priemyselného vlastníctva SR - ÚPV SR), jeho úlohy, Svetová organizácia duševného vlastníctva (WIPO); medzinárodná rešeršná správa (...

Ausführliche Beschreibung

Gespeichert in:
Bibliographische Detailangaben
1. Verfasser: Kyliánová, D.
Format: Buchkapitel
Sprache:Slowakisch
Schlagworte:
Tags: Tag hinzufügen
Keine Tags, Fügen Sie das erste Tag hinzu!

MARC

LEADER 00000naa a2200000 4500
001 r016289
005 20221213113414.1
041 0 |a slo 
044 |a SK 
245 1 0 |a Konanie o medzinárodných prihláškach vynálezov prihlásených formou PCT  |c D. Kyliánová 
520 |a Prihlasovanie vynálezov formou Zmluvy o patentovej spolupráci (PCT). Konanie o medzinárodných prihláškach vynálezov formou PCT. Medzinárodná fáza: prijímací úrad (Úrad priemyselného vlastníctva SR - ÚPV SR), jeho úlohy, Svetová organizácia duševného vlastníctva (WIPO); medzinárodná rešeršná správa (Európsky patentový úrad - EPO), zverejnenie, predbežný prieskum. Národná fáza: lehoty a požiadavky na vstup. Požiadavky na vstup do národnej fázy na ÚPV SR. 
610 2 0 |a právo priemyselné 
610 2 0 |a Úrad priemyselného vlastníctva SR Bratislava 
610 2 0 |a patenty 
610 2 0 |a vynálezy 
610 2 0 |a Slovensko 
610 2 0 |a svet 
610 2 0 |a PCT 
610 2 0 |a WIPO 
610 2 0 |a vlastníctvo duševné 
100 1 |a Kyliánová, D.